Štatistická ročenka o hlavnom meste SSR Bratislave 1980

Na minha lista:
Detalhes bibliográficos
Formato: Livro
Idioma:eslovaco
Publicado em: Bratislava Slovenský štatistický úrad 1980
Assuntos:
Tags: Adicionar Tag
Sem tags, seja o primeiro a adicionar uma tag!

MARC

LEADER 00000nam a2200000 4500
001 c142070
005 20260116113913.1
041 0 |a slo 
044 |a SK 
245 1 0 |a Štatistická ročenka o hlavnom meste SSR Bratislave 1980 
264 1 |a Bratislava  |b Slovenský štatistický úrad  |c 1980 
300 |a 173 s. 
610 2 0 |a Slovensko 
610 2 0 |a mestá 
610 2 0 |a Bratislava